Countries by Satellite Image at Night - Statistics

General Stats
  • This quiz has been taken 1,103 times
    1,097 since last reset
  • The average score is 15 of 16
Answer Stats
Picture Answer % Correct
India
99%
Italy
99%
United States
99%
Japan
98%
Australia
97%
Brazil
97%
Egypt
96%
Saudi Arabia
96%
Spain
96%
Turkey
96%
South Korea
95%
Israel
91%
Thailand
91%
Ireland
90%
Malaysia
84%
South Africa
81%
No matching quizzes found
Score Distribution
Percent of People with Each Score
Percentile by Number Answered
Your Score History
You have not taken this quiz since the last reset